| 000 | 00000cam 2200000zi 4500 |
| 001 | 9.557359 |
| 003 | CaOODSP |
| 005 | 20241203113633 |
| 007 | cr ||||||||||| |
| 008 | 150406s1998||||xxc|||||o f|0| 0 eng d |
| 020 | |a0660170884 |
| 040 | |aCaOODSP|beng |
| 043 | |an-cn--- |
| 086 | 1 |aEn56-119/7-1998E-PDF|zEn56-119/7-1998E-IN |
| 110 | 1 |aCanada. |bEnvironment Canada, |eauthor, |eissuing body. |
| 245 | 10|aNational cross-cutting issues volume / |c[edited by] Nicola Mayer and Wendy Avis. |
| 260 | |aOttawa, Ontario : |bEnvironment Canada, |cOctober 1998. |
| 300 | |a1 online resource (242 pages) : |bgraphs, references, tables. |
| 336 | |atext|btxt|2rdacontent |
| 337 | |acomputer|bc|2rdamedia |
| 338 | |aonline resource|bcr|2rdacarrier |
| 490 | 1 |aCanada country study ; |vVolume VIII |
| 590 | |a00-20|b2000-05-19 |
| 700 | 1 |aMayer, Nicola, |eeditor. |
| 700 | 1 |aAvis, Wendy, |eeditor. |
| 775 | 08|tQuestions intersectorielles|w(CaOODSP)9.604335 |
| 830 | #0|aCanada country study ;|vVolume VIII|w(CaOODSP)9.504444 |
| 856 | 40|ahttp://publications.gc.ca|qPDF|s1.3 MB|uhttps://publications.gc.ca/collections/Collection/En56-119-7-1998E.pdf|yVolume VIII |